La tuberculosis en los niños (Record no. 179616)
[ view plain ]
| 000 -LEADER | |
|---|---|
| campo de control de longitud fija | 00894nam a22002171i 4500 |
| 001 - NÚMERO DE CONTROL | |
| campo de control | 179616 |
| 003 - IDENTIFICADOR DE NÚMERO DE CONTROL | |
| campo de control | ES-MaACL |
| 005 - FECHA Y HORA DE LA ÚLTIMA TRANSACCIÓN | |
| campo de control | 20250731063047.0 |
| 008 - DATOS DE LONGITUD FIJA--INFORMACIÓN GENERAL | |
| campo de control de longitud fija | 111226s1919 sp |||| | spa d |
| 100 1# - ENTRADA PRINCIPAL--NOMBRE DE PERSONA | |
| Nombre de persona | Suárez Zamora, Rodrigo |
| 9 (RLIN) | 108669 |
| 245 13 - MENCIÓN DEL TÍTULO | |
| Título | La tuberculosis en los niños |
| Resto del título | : causas predisponentes : consejos a los padres para evitarlas o atenuarlas / |
| Mención de responsabilidad, etc. | por Rodrigo Suárez Zamora. |
| 260 ## - PUBLICACIÓN, DISTRIBUCIÓN, ETC. | |
| Lugar de publicación, distribución, etc. | Madrid : |
| Nombre del editor, distribuidor, etc. | Sociedad Española de Higiene, |
| Fecha de publicación, distribución, etc. | [1919?] |
| 300 ## - DESCRIPCIÓN FÍSICA | |
| Extensión | 35 p. ; |
| Dimensiones | 22 cm. |
| 490 1# - MENCIÓN DE SERIE | |
| Mención de serie | Legado Roel : Colección de Memorias Premiadas ; |
| Designación de volumen o secuencia | 24 |
| 500 ## - NOTA GENERAL | |
| Nota general | Concurso de 1918-1919. |
| 650 #4 - PUNTO DE ACCESO ADICIONAL DE MATERIA--TÉRMINO DE MATERIA | |
| Término de materia o nombre geográfico como elemento de entrada | Tuberculosis en niños- |
| Subdivisión general | Prevención. |
| 9 (RLIN) | 148841 |
| 710 2# - ENTRADA AGREGADA--NOMBRE DE ENTIDAD CORPORATIVA | |
| Nombre de entidad corporativa o nombre de jurisdicción como elemento de entrada | Sociedad Española de Higiene. |
| 9 (RLIN) | 6725 |
| 830 00 - PUNTO DE ACCESO ADICIONAL DE SERIE-TÍTULO UNIFORME | |
| Título uniforme | Legado Roel: Colección de memorias premiadas |
| Designación de volumen o secuencia | 24 |
| 9 (RLIN) | 183286 |
| 852 ## - LOCALIZACIÓN | |
| Ubicación | ES-MaACL |
| Número de control de estantería | C-8171(19) |
| Nota libre | .- Encuadernado con otras obras |
| Estatus retirado | Estado de pérdida | Estado de daño | No para préstamo | Biblioteca de origen | Biblioteca actual | Ubicación en estantería | Fecha de adquisición | Fuente de adquisición | Total de préstamos | Signatura topográfica completa | Código de barras | Visto por última vez | Precio de reemplazo | Tipo de ítem Koha |
|---|---|---|---|---|---|---|---|---|---|---|---|---|---|---|
| Biblioteca del Ateneo de Madrid | Biblioteca del Ateneo de Madrid | Sala Palomar | 26/12/2011 | C-8171(19) | 1188690 | 23/02/2023 | 23/02/2023 | Libro impreso |
